| 000 | 00690cam a2200217 4500 | ||
|---|---|---|---|
| 001 | ABS63778 | ||
| 008 | 000000n2001 000 0 eng u | ||
| 035 | _a(Sirsi) u111844 | ||
| 245 | _aAlternative land use | ||
| 260 | _c2001 | ||
| 490 |
_aFarm Development Review _v15(1) November 2000, (8) LOAN |
||
| 520 | _aCovers farm accommodation charges, including a survey of evening meal charges. Also discusses the prospects and potential pitfalls of worm farming, and pigeon racing. | ||
| 590 | _aABS | ||
| 650 | _aFARM ACCOMMODATION | ||
| 650 | _aSURVEYS | ||
| 650 | _aPIGEONS | ||
| 650 | _aWORM FARMING | ||
| 650 | _aRURAL DIVERSIFICATION | ||
| 690 |
_aRural _96268 |
||
| 942 | _n0 | ||
| 999 |
_c66651 _d66651 |
||